000 00634nam a22002417a 4500
003 UA-OsUOA
001 68879
007 ta
008 20100525b un ||||| |||| 00| 0 ukr d
100 _aВикторский С. И.
090 _a343.1(470)
_bВ43
942 _cBK
040 _aUA-OsUOA
_brus
_cUA-OsUOA
_dUA-OsUOA
245 _aРусский уголовный процесс
300 _a448 с.
955 _a2
041 _arus
080 _a343.1(470)
020 _a5-89391-009-5
260 _aМ.
_c1997
650 7 _a343 Кримінальне право. Карні порушення
_2UDC
999 _c355137
_d355137